000 00318nam a2200145Ia 4500
100 _aKanetkar/ yashavant.P
942 _cBK
366 _f20
654 _adatastructures
245 _aDatastructures through C
260 _bBPB
_aNew Delhi
_c1999
082 _a005.72/KAN
_bKAN
300 _a616
546 _aENGLISH
999 _c27220
_d27220